| 000 | 00634nam a22002171a 4500 | ||
|---|---|---|---|
| 001 | 2441 | ||
| 003 | OSt | ||
| 005 | 20260204211812.0 | ||
| 008 | 070202s2000||||dr ||||||b||||||||||spa|| | ||
| 020 | _a848953991x | ||
| 050 | _a370 M79i | ||
| 100 | _aMoquete de la Rosa, Jacobo | ||
| 245 | _aIntroducción a la educación: Orientación universal / Jacobo Moquete de la Rosa | ||
| 250 | _a11 | ||
| 264 | _aSanto Domingo: De Colores | ||
| 300 | _a449 p | ||
| 490 | _aColección educación y sociedad. No.8, Vol. CCLVIII | ||
| 500 | _aIncluye bibliografía | ||
| 650 | _aIntroducción a la educación 2.TítuloÌ | ||
| 942 |
_2ddc _cBK |
||
| 999 |
_c2441 _d2441 |
||